00314pab a2200121 454500008004000000100001800040245007000058260000900128300001300137362000800150650001800158773001600176180718b2005 xxu||||| |||| 00| 0 eng d aBarton, Carol aIntegrating feminist agendas: gender justice and economic justice c2005 ap.75-84. aDec aWomens rights aDevelopment